| 000 -LEADER |
| fixed length control field |
00905cam a22002174a 4500 |
| 020 ## - INTERNATIONAL STANDARD BOOK NUMBER |
| ISBN |
3823613499 (pbk.) |
| 040 ## - CATALOGING SOURCE |
| Transcribing agency |
DLC |
| 082 ## - DEWEY DECIMAL CLASSIFICATION NUMBER |
| Classification number |
634 MAR 2001 A051 Or. |
| 245 14 - TITLE STATEMENT |
| Title |
The role of resource tenure, finance, and social security in rural development / |
| 246 14 - VARYING FORM OF TITLE |
| Title proper/short title |
Role of resource tenure, finance & social security in rural development |
| 260 ## - PUBLICATION, DISTRIBUTION, ETC. (IMPRINT) |
| Place of publication |
Weikersheim : |
| Name of publisher |
Margraf, |
| Year of publication |
c2001. |
| 300 ## - PHYSICAL DESCRIPTION |
| Number of Pages |
vi, 217 p. : |
| Other physical details |
ill. ; |
| Dimensions |
24 cm. |
| 500 ## - GENERAL NOTE |
| General note |
"Papers presented at the Deutsche Tropentag (DTT) 1999 'Knowledge Partnership--Challenges and Perspectives for Research and Education at the Turn of the Millennium' that was held at Humboldt University from Oct. 14th to 15th, 1999 in Berlin"--Pref. |
| 650 #0 - SUBJECT ADDED ENTRY--TOPICAL TERM |
| Topical Term |
Rural development |
| 650 #0 - SUBJECT ADDED ENTRY--TOPICAL TERM |
| Topical Term |
Rural credit |
| 650 #0 - SUBJECT ADDED ENTRY--TOPICAL TERM |
| Topical Term |
Land tenure |
| 700 1# - ADDED ENTRY--PERSONAL NAME |
| Personal name |
Knerr, Béatrice. |
| 700 1# - ADDED ENTRY--PERSONAL NAME |
| Personal name |
Kirk, Michael, |
| 700 1# - ADDED ENTRY--PERSONAL NAME |
| Personal name |
Buchenrieder, Gertrud. |
| 942 ## - ADDED ENTRY ELEMENTS (KOHA) |
| Koha item type |
សៀវភៅភាសាអង់គ្លេស |
| 952 ## - LOCATION AND ITEM INFORMATION (KOHA) |
| Withdrawn status [LOCAL, KOHA] |
0 |